Giovanni Huss: il veridico

Збережено в:
Бібліографічні деталі
Автор: Mussolini, Benito (autore)
Формат: Книга
Мова:Італійська мова
Опубліковано: Acireale Bonanno 1988
Серія:Nostos, 4
Предмети:
Теги: Додати тег
Немає тегів, Будьте першим, хто поставить тег для цього запису!

MARC

LEADER 00000nam a2200000 a 4500
001 UCY0836
003 CL-VaPUC
005 20220628103602.0
008 940813e19880000IT |||||||||||||||||ita|d
999 |c 229736  |d 229734 
040 |c Pontificia Universidad Católica de Valparaíso 
082 0 4 |a 320.5  |b MUS  |2 21 
100 1 |a Mussolini, Benito  |e autore  |9 871560 
245 1 0 |a Giovanni Huss: il veridico 
260 |a Acireale  |b Bonanno  |c 1988 
300 |a 105 p 
490 0 |a Nostos, 4 
583 |a last modification  |c 19940813 00:00:00  |k Rodrigo Vera 
650 0 |a Ciencias Políticas  |9 255201 
650 7 |a TEORIA POLITICA  |2 CL-VaPUC  |9 328679 
942 |c BK  |2 ddc 
945 |d 19940813 00:00:00  |a mfernand 
952 |0 0  |1 0  |4 0  |6 320_500000000000000_MUS_1988  |7 0  |8 A  |9 231240  |a BIBDER  |b BIBDER  |d 2019-11-15  |i 2953005  |o 320.5 MUS 1988  |p 2953005  |r 2023-01-25  |w 2019-11-15  |y BK  |k DER